| 000 | 00737nam a2200253 a 4500 | ||
|---|---|---|---|
| 001 | 26700 | ||
| 003 | BD-RjUL | ||
| 005 | 20211209051044.0 | ||
| 008 | 140323s1996 ii b b 001 0 eng | ||
| 020 | _a8125900705 | ||
| 035 | _a(BD-RjUL)26770 | ||
| 040 |
_aDLC _cDLC _beng _dBD-RjUL |
||
| 041 | _aeng | ||
| 082 | 0 | 0 |
_a954.96 _221 _bRAR 1996 |
| 100 | 1 |
_aRahul, Ram. _977927 |
|
| 245 | 1 | 0 |
_aRoyal Nepal : _ba political history / _cRam Rahul. |
| 260 |
_aNew Delhi : _bVikas Pub. House, _cc1996. |
||
| 300 |
_avi, 92 p. : _bill.,maps ; _c22 cm. |
||
| 504 | _aIncludes bibliographical references and index. | ||
| 651 | 0 |
_aNepal _xPolitics and government. _912064 |
|
| 942 |
_2ddc _cBK |
||
| 999 |
_c26700 _d26700 |
||